CONTRACT-1(GENERAL PRINCIPLES) (Record no. 10875)

MARC details
000 -LEADER
fixed length control field 00323nam a22001457a 4500
003 - CONTROL NUMBER IDENTIFIER
control field SGT
020 ## - INTERNATIONAL STANDARD BOOK NUMBER
International Standard Book Number 978938310066
082 ## - DEWEY DECIMAL CLASSIFICATION NUMBER
Classification number 346.022,MYN
100 ## - MAIN ENTRY--PERSONAL NAME
Personal name MYNENI,S.R.
245 ## - TITLE STATEMENT
Title CONTRACT-1(GENERAL PRINCIPLES)
260 ## - PUBLICATION, DISTRIBUTION, ETC. (IMPRINT)
Place of publication, distribution, etc HYDERABAD
Name of publisher, distributor, etc ASIA LAW HOUSE
Year of Publication 2014
300 ## - PAGE DESCRIPTION
No. of Pages 616
650 ## - SUBJECT ADDED ENTRY--TOPICAL TERM
Topical term or geographic name as entry element CONTRACT-1
942 ## - ADDED ENTRY ELEMENTS (KOHA)
Source of classification or shelving scheme Dewey Decimal Classification
Koha item type Books
Holdings
Withdrawn status Lost status Source of classification or shelving scheme Damaged status Not for loan Collection code Home library Current library Shelving location Date acquired Vendor Name Cost, normal purchase price SGTU Bill Number Full call number Accession No. (Barcode) Date last seen Bill Date Koha item type Total Checkouts Date last borrowed
    Dewey Decimal Classification   Not For Loan LAW SGT Science & Social Sciences Library SGT Science & Social Sciences Library Reference Book 10/02/2017 TECHNICAL BUREA INDIA LIMITED 395.00 SGTU 2002 346.022,MYN FL1081 10/02/2017   Books    
    Dewey Decimal Classification     LAW SGT Science & Social Sciences Library SGT Science & Social Sciences Library Text Book 10/02/2017 TECHNICAL BUREA INDIA LIMITED 395.00 SGTU 2002 346.022,MYN FL1082 16/06/2025   Books 1 08/01/2020